Statistics for Name the 19 Duggar Kids

Click here to take the quiz!

General Stats

  • This quiz has been taken 650 times
  • The average score is 16 of 19

Answer Stats

HintAnswer% Correct
5 girlJessa
93%
4 girlJill
92%
6 girlJinger
91%
1 boyJoshua
91%
19 girlJosie
90%
2 girlJana
87%
3 boyJohn david
87%
9 girlJoy anna
86%
15 boyJackson
81%
13 boyJames
81%
10 boyJedidiah
80%
17 girlJennifer
80%
11 boyJeremiah
80%
8 boyJosiah
78%
7 boyJoseph
75%
14 boyJustin
73%
12 boyJason
71%
18 girlJordyn
70%
16 girlJohannah
69%

Score Distribution

Percentile by Number Answered

Percent of People with Each Score

Your Score History

You have not taken this quiz